| 000 | 00674nam a22002057a 4500 | ||
|---|---|---|---|
| 001 | 0080843 | ||
| 003 | BD-SySUS | ||
| 005 | 20260121111337.0 | ||
| 008 | 16042720041996bg a 001 0 eng d | ||
| 040 |
_aBD-SySUS _bBD-SySUS _cBD-SySUS _dBD-SySUS |
||
| 082 |
_222 _a423.9144 _bISE |
||
| 100 | 1 |
_aইসলাম, সাইফুল _971034 |
|
| 245 | 1 | 0 |
_aইংলিশে দুর্বলদের জন্য - English Therapy / _b _cসাইফুল ইসলাম |
| 250 | _a3rd ed. | ||
| 260 |
_aঢাকা : _bEnglish Therapy, _c2023. |
||
| 300 |
_a608 p. : _bill. ; _c18 cm. |
||
| 500 | _aIncludes index. | ||
| 650 | 0 |
_aDictionary. _918396 |
|
| 942 |
_2ddc _cBK |
||
| 999 |
_c87549 _d87549 |
||